Thiết kế và sử dụng các tình huống thực tiễn trong dạy học hình học không gian ở trường THPT Luận văn thạc sĩ Khoa học giáo dục. Chuyên ngành: Lý luận và Phương pháp dạy học Bộ môn Toán. Mã số: 60140111

Đã lưu trong:
书目详细资料
主要作者: Phan, Thế Hùng
其他作者: Đào, Tam (Hướng dẫn)
格式: Luận văn 工具包 图书
语言:Vietnamese
出版: Đồng Tháp Đại học Đồng Tháp 2017
主题:
标签: 添加标签
没有标签, 成为第一个标记此记录!
Thư viện lưu trữ: Trung tâm Học liệu Lê Vũ Hùng, Trường Đại học Đồng Tháp
LEADER 01324ppm a22003018a 4500
001 00039936
005 20171026081025.0
008 170718s2017 ||||||viesd
041 0 # |a vie 
082 1 4 |b TH308K  |a 516.23 
100 1 # |a Phan, Thế Hùng 
245 0 0 |a Thiết kế và sử dụng các tình huống thực tiễn trong dạy học hình học không gian ở trường THPT  |b Luận văn thạc sĩ Khoa học giáo dục. Chuyên ngành: Lý luận và Phương pháp dạy học Bộ môn Toán. Mã số: 60140111  |c Phan Thế Hùng; Đào Tam (hướng dẫn) 
260 # # |a Đồng Tháp  |b Đại học Đồng Tháp  |c 2017 
300 # # |a 96 tr.+ phụ lục  |c 30cm.  |e 1 bản tóm tắt 
500 # # |a ĐTTS ghi: Bộ giáo dục và đào tạo. Trường Đại học Đồng Tháp 
653 # # |a Dạy học 
653 # # |a Hình học không gian 
653 # # |a Trung học phổ thông 
653 # # |a Toán học 
653 # # |a Luận văn 
700 1 # |a Đào, Tam  |e Hướng dẫn 
852 # # |j LV.0001233  |j LV.0001664 
852 # # |b Kho đọc SĐH  |j LV.0001233 
910 |d 18/07/2017 
980 # # |a Trung tâm Học liệu Lê Vũ Hùng, Trường Đại học Đồng Tháp